|
|
|
|
| LEADER |
01846cas a2200313 a 4500 |
| 001 |
AALejournalIMF020075 |
| 008 |
230101c9999 xx r poo 0 0eng d |
| 020 |
|
|
|c 5.00 USD
|
| 020 |
|
|
|z 9781498338950
|
| 022 |
|
|
|a 2663-3493
|
| 040 |
|
|
|a BD-DhAAL
|c BD-DhAAL
|
| 110 |
2 |
|
|a International Monetary Fund.
|
| 245 |
1 |
4 |
|a The Consolidated Medium-Term Income and Expenditure Framework.
|
| 264 |
|
1 |
|a Washington, D.C. :
|b International Monetary Fund,
|c 2011.
|
| 300 |
|
|
|a 1 online resource (11 pages)
|
| 490 |
1 |
|
|a Policy Papers
|
| 500 |
|
|
|a <strong>Off-Campus Access:</strong> No User ID or Password Required
|
| 500 |
|
|
|a <strong>On-Campus Access:</strong> No User ID or Password Required
|
| 506 |
|
|
|a Electronic access restricted to authorized BRAC University faculty, staff and students
|
| 520 |
3 |
|
|a This paper updates the Fund's consolidated income and expenditure outlook from the projections in January 2011. The paper incorporates and extends the income and budget projections in the companion papers, Review of the Fund's Income Position for FY 2011 and FY 2012 (4/7/11) and FY 2012-FY 2014 Medium-Term Budget (3/31/11). The paper also provides an update on the projected accumulation of precautionary balances over the medium term. This responds to a request made during the September 2010 discussion of the adequacy of precautionary balances that progress towards targets be assessed also in the context of the annual income discussion.
|
| 538 |
|
|
|a Mode of access: Internet
|
| 650 |
|
7 |
|a Income Projection
|2 imf
|
| 650 |
|
7 |
|a Income
|2 imf
|
| 650 |
|
7 |
|a Lending
|2 imf
|
| 650 |
|
7 |
|a PP
|2 imf
|
| 650 |
|
7 |
|a SDR
|2 imf
|
| 651 |
|
7 |
|a United States
|2 imf
|
| 830 |
|
0 |
|a Policy Papers; Policy Paper ;
|v No. 2011/030
|
| 856 |
4 |
0 |
|z Full text available on IMF
|u http://elibrary.imf.org/view/journals/007/2011/030/007.2011.issue-030-en.xml
|z IMF e-Library
|